Burundi First Level Subdivisions - Statistics

General Stats
  • This quiz has been taken 214 times
  • The average score is 8 of 18
Answer Stats
Provinces % Correct
Gitega
93%
Bujumbura
86%
Bujumbura Rural
86%
Cankuzo
44%
Kayanza
44%
Ngozi
42%
Bururi
40%
Ruyigi
40%
Cibitoke
37%
Muyinga
37%
Mwaro
37%
Rutana
37%
Kirundo
35%
Makamba
35%
Bubanza
33%
Karuzi
33%
Rumonge
33%
Muramvya
30%
No matching quizzes found
Score Distribution
Percent of People with Each Score
Percentile by Number Answered
Your Score History
You have not taken this quiz